| 000 | 00725cam a2200253u 4500 | ||
|---|---|---|---|
| 001 | 31508 | ||
| 003 | BD-RjUL | ||
| 005 | 20211209051717.0 | ||
| 008 | 140420s1951 pk 001 0 eng d | ||
| 035 | _a(BD-RjUL) 31596 | ||
| 040 |
_aDLC _cCarP _dDLC _dBD-RjUL _beng |
||
| 041 | _aeng | ||
| 082 | 0 | 4 |
_a199.53 _bSHM 1951 |
| 100 | 1 |
_aSharif, Mian Mohammad, _d1893-1965. _93883 |
|
| 245 | 1 | 0 |
_aMuslim thought : _bits origin and achievements / _cMian Mohammad Sharif, |
| 260 |
_aLahore : _bSh. M. Ashraf, _cc1951. |
||
| 300 |
_aviii, 116 p. ; _c22 cm. |
||
| 504 | _aIncludes Index | ||
| 650 | 0 |
_aIslamic philosophy. _995897 |
|
| 942 |
_2ddc _cBK |
||
| 999 |
_c31508 _d31508 |
||